000 00293nam a22001337a 4500
008 181107b xxu||||| |||| 00| 0 eng d
020 _a9780814404348
041 _aeng
080 _a332
100 _a53
101 _aMNG
245 _aStrategic Outsourcing
_cGreaver, M.F
942 _2udc
_cBK
999 _c52164
_d52164